[Event "Jaen 1st"]
[Site "Jaen"]
[Date "2013.08.15"]
[Round "7"]
[White "Juan Delgado, Adrian"]
[Black "Martos Exposito, Manuel"]
[Result "1/2-1/2"]
[WhiteElo "1865"]
[BlackElo "2071"]
[PlyCount "124"]
[EventDate "2013.08.12"]
[EventType "tourn"]
[EventRounds "9"]
[EventCountry "ESP"]
[SourceTitle "CBM 155 Extra"]
[Source "ChessBase"]
[SourceDate "2013.08.26"]
[SourceVersion "1"]
[SourceVersionDate "2013.08.26"]
[SourceQuality "1"]

1. d4 b6 2. c4 Bb7 3. Nc3 e6 4. a3 f5 5. Nf3 Nf6 6. g3 Be7 7. Bg2 Ne4 8. Qc2 0-0 9. 0-0 Nxc3 10. Qxc3 Bf6 11. Ne5 Bxg2 12. Kxg2 d6 13. Qf3 Nd7 14. Nc6 Qe8 15. Re1 g5 16. e4 f4 17. g4 a5 18. e5 dxe5 19. dxe5 Bg7 20. Bd2 Nc5 21. Nd4 Rd8 22. Bc3 a4 23. Rad1 Kh8 24. Nc6 Rxd1 25. Rxd1 Qg6 26. Rd8 Qc2 27. Nd4 Qb1 28. Qa8 Kg8 29. Rxf8+ Bxf8 30. Qd8 f3+ 31. Nxf3 h6 32. Qxc7 Qe4 33. h3 h5 34. Qd8 Nd3 35. Qxg5+ Bg7 36. Bd2 Nxe5 37. Qf4 Qxf4 38. Bxf4 Nxc4 39. Bc1 hxg4 40. hxg4 Bxb2 41. Bxb2 Nxb2 42. Nd4 Nc4 43. Nb5 Nd2 44. Nc3 Nc4 45. Nxa4 b5 46. Nc3 Nxa3 47. Kf3 b4 48. Na4 Nc4 49. Ke4 b3 50. f4 Kf7 51. f5 e5 52. g5 Ke7 53. Kd3 b2 54. Kc2 Ne3+ 55. Kxb2 Nxf5 56. Nc5 Kd6 57. Ne4+ Kd5 58. Nf6+ Ke6 59. Kc3 Nd6 60. Ng4 e4 61. g6 Nf5 62. Kd2 Ng7 1/2-1/2

[Event "Jaen 1st"]
[Site "Jaen"]
[Date "2013.08.13"]
[Round "3"]
[White "Renteria Becerra, Jorge Elicer"]
[Black "Martos Exposito, Manuel"]
[Result "1-0"]
[WhiteElo "2317"]
[BlackElo "2071"]
[PlyCount "39"]
[EventDate "2013.08.12"]
[EventType "tourn"]
[EventRounds "9"]
[EventCountry "ESP"]
[SourceTitle "CBM 155 Extra"]
[Source "ChessBase"]
[SourceDate "2013.08.26"]
[SourceVersion "1"]
[SourceVersionDate "2013.08.26"]
[SourceQuality "1"]

1. e4 c5 2. Nf3 d6 3. Bb5+ Nd7 4. d4 Ngf6 5. Nc3 a6 6. Bxd7+ Nxd7 7. Bg5 h6 8. Bh4 b5 9. 0-0 b4 10. Nd5 g5 11. Bg3 e6 12. Re1 Bb7 13. dxc5 Nxc5 14. Qd4 Bxd5 15. exd5 Rg8 16. dxe6 Nxe6 17. Qd5 Be7 18. Nd4 Qc8 19. Nxe6 fxe6 20. Rxe6 1-0

[Event "Jaen op 21st"]
[Site "Jaen"]
[Date "2011.02.06"]
[Round "2"]
[White "Martos Exposito, Manuel"]
[Black "Georgiev, Kiril"]
[Result "0-1"]
[WhiteElo "2107"]
[BlackElo "2669"]
[PlyCount "96"]
[EventDate "2011.02.06"]
[EventType "swiss (rapid)"]
[EventRounds "9"]
[EventCountry "ESP"]
[SourceTitle "CBM 140 Extra"]
[Source "ChessBase"]
[SourceDate "2011.03.01"]
[SourceVersion "1"]
[SourceVersionDate "2011.03.01"]
[SourceQuality "1"]

1. b3 Nf6 2. Bb2 g6 3. e3 Bg7 4. g3 d5 5. Bg2 c5 6. d3 Nc6 7. Nd2 e5 8. Ne2 0-0 9. h3 Re8 10. g4 Be6 11. Ng3 d4 12. e4 a5 13. a4 Rb8 14. g5 Nd7 15. h4 b5 16. axb5 Rxb5 17. Ba3 Nb6 18. Nc4 a4 19. Nf1 axb3 20. cxb3 Nxc4 21. bxc4 Ra5 22. Nd2 Qa8 23. Qc1 Nb4 24. Ke2 Rb8 25. Bxb4 Rxb4 26. Rxa5 Qxa5 27. Qc2 h6 28. Rb1 Ra4 29. Rb5 Qa7 30. Bf3 Bf8 31. Kf1 Ra2 32. Rb2 Ra1+ 33. Kg2 hxg5 34. hxg5 Qe7 35. Nf1 Qxg5+ 36. Ng3 Qh6 37. Bd1 Qh3+ 38. Kg1 Bh6 39. Rb1 Ra3 40. Bf3 Be3 41. Bg2 Qxg3 42. fxe3 Qxe3+ 43. Kh1 Rxd3 44. Qa4 Kg7 45. Qe8 Qh6+ 46. Kg1 Qe3+ 47. Kh1 Qg3 48. Rf1 Rd2 0-1

[Event "Andalucia-ch 0708"]
[Site "Motril"]
[Date "2008.05.18"]
[Round "5"]
[White "Martos Exposito, Manuel"]
[Black "Osuna Vega, Enrique"]
[Result "1-0"]
[WhiteElo "2135"]
[BlackElo "2145"]
[PlyCount "78"]
[EventDate "2008.05.10"]
[EventType "swiss"]
[EventRounds "8"]
[EventCountry "ESP"]
[SourceTitle "EXT 2009"]
[Source "ChessBase"]
[SourceDate "2008.11.26"]
[SourceVersion "1"]
[SourceVersionDate "2008.11.26"]
[SourceQuality "1"]

1. b3 e5 2. Bb2 Nc6 3. e3 Nf6 4. d3 Be7 5. Nd2 0-0 6. g3 d6 7. Bg2 Bg4 8. Ne2 Ne8 9. h3 Bd7 10. g4 f5 11. gxf5 Bxf5 12. Ng3 Be6 13. Qe2 a5 14. a3 Qd7 15. Rg1 d5 16. 0-0-0 Bd6 17. Nh5 Qe7 18. Nb1 a4 19. b4 Kh8 20. Rdf1 Bf7 21. Ng3 Be6 22. Nh5 Bf7 23. Ng3 Be6 24. Nc3 Nf6 25. Nb5 Na7 26. Nxd6 cxd6 27. d4 e4 28. Kb1 Bd7 29. Rc1 Rac8 30. f3 exf3 31. Bxf3 Rfe8 32. Qg2 Be6 33. e4 dxe4 34. Nxe4 Nxe4 35. Bxe4 Rc7 36. Rge1 Qf8 37. d5 Bc8 38. Rcd1 Qg8 39. Bd3 Rce7 1-0

[Event "Magistral Tiendas UPI 6th"]
[Site "Mancha Real"]
[Date "2003.03.23"]
[Round "5"]
[White "Saldano Dayer, Horacio"]
[Black "Martos Exposito, Manuel"]
[Result "1-0"]
[WhiteElo "2442"]
[BlackElo "2139"]
[PlyCount "65"]
[EventDate "2003.03.21"]
[EventType "schev"]
[EventRounds "9"]
[EventCountry "ESP"]
[SourceTitle "CBM 093 Extra"]
[Source "ChessBase"]
[SourceDate "2003.05.09"]
[SourceVersion "1"]
[SourceVersionDate "2003.05.09"]
[SourceQuality "1"]

1. d4 d6 2. Nf3 Bg4 3. c4 e5 4. Nc3 Nc6 5. d5 Bxf3 6. exf3 Nb8 7. Bd3 Be7 8. f4 Bf6 9. 0-0 Ne7 10. Ne4 Ng6 11. Nxf6+ gxf6 12. f5 Nf8 13. Be3 Qe7 14. b4 Nfd7 15. Be4 Na6 16. Rb1 0-0 17. Bh6 Kh8 18. Bxf8 Rxf8 19. Rb3 Rg8 20. a3 Rg7 21. Re1 Nb6 22. Rc3 Nb8 23. c5 Nc8 24. c6 bxc6 25. dxc6 Qe8 26. b5 Ne7 27. Rg3 Rxg3 28. hxg3 Qd8 29. Qh5 Kg7 30. Rd1 d5 31. Qg4+ Kh8 32. Bxd5 Nbxc6 33. Bxc6 1-0

[Event "Linares Anibal op 10th"]
[Site "Linares"]
[Date "2003.03.07"]
[Round "8"]
[White "Mirzoeva, Elmira"]
[Black "Martos Exposito, Manuel"]
[Result "1-0"]
[WhiteElo "2256"]
[BlackElo "2139"]
[PlyCount "83"]
[EventDate "2003.02.28"]
[EventType "swiss"]
[EventRounds "10"]
[EventCountry "ESP"]
[SourceTitle "CBM 093 Extra"]
[Source "ChessBase"]
[SourceDate "2003.05.09"]
[SourceVersion "1"]
[SourceVersionDate "2003.05.09"]
[SourceQuality "1"]

1. e4 b6 2. d4 Bb7 3. Bd3 e6 4. Nf3 d6 5. c4 Nd7 6. Nc3 g6 7. Bg5 Ne7 8. Qd2 h6 9. Be3 Bg7 10. d5 e5 11. 0-0-0 a6 12. h4 Nf6 13. Nh2 Bc8 14. f3 Bd7 15. g4 Qb8 16. g5 Nfg8 17. gxh6 Nxh6 18. Rdg1 Qb7 19. h5 0-0-0 20. Nf1 f5 21. Bg5 Rde8 22. hxg6 f4 23. Ng3 Nxg6 24. Nh5 Bf8 25. Nf6 Nf7 26. Rxh8 Nfxh8 27. Nxe8 Bxe8 28. Bf6 c6 29. Qh2 Bg7 30. dxc6 Bxc6 31. Bxg7 Qxg7 32. Nd5 Bxd5 33. exd5 e4 34. Bxe4 Qd4 35. Bxg6 Qe3+ 36. Kc2 b5 37. Bf5+ Kb7 38. Rg7+ Nf7 39. Rxf7+ Kb6 40. Qd2 Qe5 41. b4 a5 42. Qf2+ 1-0

[Event "Narciso Yepes op 4th"]
[Site "Lorca"]
[Date "2003.??.??"]
[Round "4"]
[White "Martos Exposito, Manuel"]
[Black "Ibarra Jerez, Jose Carlos"]
[Result "0-1"]
[WhiteElo "2142"]
[BlackElo "2367"]
[PlyCount "96"]
[EventDate "2003.06.25"]
[EventType "swiss"]
[EventRounds "9"]
[EventCountry "ESP"]
[SourceTitle "EXT 2004"]
[Source "ChessBase"]
[SourceDate "2003.11.25"]
[SourceVersion "1"]
[SourceVersionDate "2003.11.25"]
[SourceQuality "1"]

1. d4 Nf6 2. Nf3 d6 3. c4 g6 4. Nc3 Bg7 5. e4 0-0 6. Be2 e5 7. d5 Nbd7 8. Bg5 h6 9. Bh4 g5 10. Bg3 Nh5 11. Nd2 Nf4 12. 0-0 Nc5 13. b4 Ncd3 14. Bxd3 Nxd3 15. Rb1 g4 16. Qc2 Nf4 17. c5 h5 18. cxd6 cxd6 19. Nc4 Bd7 20. Rfc1 Rc8 21. Bxf4 exf4 22. Qb3 b5 23. Nd2 Qb6 24. Ne2 Be5 25. g3 fxg3 26. hxg3 f5 27. Rc6 Bxc6 28. dxc6+ Kg7 29. Qe6 Qxc6 30. Qe7+ Kh6 31. Rc1 Qe8 32. Qxa7 Rxc1+ 33. Nxc1 f4 34. Nd3 Qf7 35. Qxf7 Rxf7 36. gxf4 Bxf4 37. Nb3 Be5 38. Nxe5 dxe5 39. Nc5 Kg5 40. Nd3 Kf6 41. f4 exf4 42. Nxf4 h4 43. Nd5+ Ke5 44. Nc3 Rc7 45. Nxb5 Rc2 46. a4 h3 47. Na3 Ra2 48. Nc4+ Kf4 0-1

[Event "Narciso Yepes op 4th"]
[Site "Lorca"]
[Date "2003.??.??"]
[Round "2"]
[White "Martos Exposito, Manuel"]
[Black "Kovacevic, Slobodan"]
[Result "0-1"]
[WhiteElo "2142"]
[BlackElo "2384"]
[PlyCount "72"]
[EventDate "2003.06.25"]
[EventType "swiss"]
[EventRounds "9"]
[EventCountry "ESP"]
[SourceTitle "EXT 2004"]
[Source "ChessBase"]
[SourceDate "2003.11.25"]
[SourceVersion "1"]
[SourceVersionDate "2003.11.25"]
[SourceQuality "1"]

1. d4 Nf6 2. Nf3 e6 3. c4 c5 4. d5 exd5 5. cxd5 d6 6. Nc3 g6 7. Bf4 a6 8. e4 Bg4 9. Be2 Bxf3 10. Bxf3 Nbd7 11. a4 Qe7 12. 0-0 Bg7 13. Qc2 0-0 14. Rfe1 Rab8 15. Be2 Ne8 16. Bf1 Nc7 17. Rac1 Rfc8 18. Nb1 b5 19. a5 Ne8 20. Bd2 Ra8 21. b3 b4 22. Bf4 Qd8 23. Qa2 Bd4 24. Bg3 Qf6 25. Qe2 Qd8 26. Qa2 Ne5 27. h3 Nc7 28. Kh2 g5 29. Rc2 Qf6 30. Qa4 Rd8 31. Bxe5 Qxe5+ 32. Kg1 Nxd5 33. Bc4 Nf6 34. Rce2 g4 35. Nd2 gxh3 36. Nf3 Qg3 0-1

[Event "ESP-ch op"]
[Site "Ayamonte"]
[Date "2002.10.11"]
[Round "8"]
[White "Martos Exposito, Manuel"]
[Black "Llaneza Vega, Patricia"]
[Result "0-1"]
[WhiteElo "2112"]
[BlackElo "2312"]
[PlyCount "96"]
[EventDate "2002.10.04"]
[EventType "swiss"]
[EventRounds "9"]
[EventCountry "ESP"]
[SourceTitle "EXT 2005"]
[Source "ChessBase"]
[SourceDate "2004.11.15"]
[SourceVersion "1"]
[SourceVersionDate "2004.11.15"]
[SourceQuality "1"]

1. e4 c5 2. Nc3 Nc6 3. g3 g6 4. Bg2 Bg7 5. d3 d6 6. Be3 e5 7. Qd2 Rb8 8. Nf3 Nd4 9. 0-0 Ne7 10. Ne1 0-0 11. Bh6 b5 12. Bxg7 Kxg7 13. Nd1 b4 14. c3 bxc3 15. bxc3 Qa5 16. Nf3 Nxf3+ 17. Bxf3 Nc6 18. Qc1 Qb5 19. Be2 Be6 20. f4 f6 21. f5 Bf7 22. h4 Qb6 23. Kg2 gxf5 24. h5 Ne7 25. Qe3 d5 26. h6+ Kh8 27. exf5 d4 28. Qc1 Rg8 29. g4 Nd5 30. c4 Nf4+ 31. Rxf4 exf4 32. Qxf4 Rbe8 33. Bf3 Re5 34. Kh3 Qb8 35. Be4 Qb4 36. Nf2 Bxc4 37. dxc4 Qc3+ 38. Nd3 Rxe4 39. Qxe4 Qxa1 40. Nf2 Qc1 41. Qd5 Qxh6+ 42. Kg2 Qf8 43. Qe6 Qd8 44. Ne4 Re8 45. Qc6 d3 46. Nd6 Qa8 47. Qxa8 Rxa8 48. Kf3 d2 0-1

[Event "ESP-ch op"]
[Site "Ayamonte"]
[Date "2002.10.06"]
[Round "3"]
[White "Jaime Montalvan, Luis Felipe"]
[Black "Martos Exposito, Manuel"]
[Result "1-0"]
[WhiteElo "2301"]
[BlackElo "2112"]
[PlyCount "113"]
[EventDate "2002.10.04"]
[EventType "swiss"]
[EventRounds "9"]
[EventCountry "ESP"]
[SourceTitle "EXT 2005"]
[Source "ChessBase"]
[SourceDate "2004.11.15"]
[SourceVersion "1"]
[SourceVersionDate "2004.11.15"]
[SourceQuality "1"]

1. d4 Nf6 2. c4 c5 3. d5 b5 4. cxb5 a6 5. bxa6 g6 6. Nc3 Bxa6 7. g3 d6 8. Bg2 Bg7 9. Nf3 Nbd7 10. Rb1 Nb6 11. Nh4 Ra7 12. 0-0 Qa8 13. b3 0-0 14. a4 Rb8 15. Re1 Rab7 16. Qc2 Nbd7 17. Bd2 Qa7 18. Na2 Rc7 19. Bc3 Nb6 20. Red1 Bb7 21. e4 Nbd7 22. Nf3 Ra8 23. a5 Bc8 24. h3 Nb8 25. Nd2 Ba6 26. Nc4 Nbd7 27. Bf1 Ne8 28. Be1 h5 29. h4 Nef6 30. Nc3 Ng4 31. Na4 Nde5 32. Nxe5 Nxe5 33. Kg2 Bxf1+ 34. Kxf1 Ng4 35. Nb6 Rf8 36. Nc4 f5 37. exf5 Rxf5 38. Kg2 Qa8 39. Qe4 Bd4 40. f3 Nf6 41. Nb6 Qa6 42. Qd3 Qb7 43. b4 Nxd5 44. Nxd5 Qxd5 45. b5 e5 46. b6 Rcf7 47. Qe4 Qe6 48. b7 d5 49. b8Q+ Kg7 50. Qe2 Rxf3 51. Rb7 e4 52. Rxf7+ Qxf7 53. Rb1 Qe6 54. Rb7+ Kh6 55. Bd2+ g5 56. Bxg5+ Kg6 57. Rb6 1-0

[Event "ESP-ch op"]
[Site "Ayamonte"]
[Date "2002.10.04"]
[Round "1"]
[White "Pablo Marin, Alejandro"]
[Black "Martos Exposito, Manuel"]
[Result "1-0"]
[WhiteElo "2434"]
[BlackElo "2112"]
[PlyCount "93"]
[EventDate "2002.10.04"]
[EventType "swiss"]
[EventRounds "9"]
[EventCountry "ESP"]
[SourceTitle "EXT 2005"]
[Source "ChessBase"]
[SourceDate "2004.11.15"]
[SourceVersion "1"]
[SourceVersionDate "2004.11.15"]
[SourceQuality "1"]

1. e4 c5 2. Nf3 d6 3. Bc4 Nf6 4. d3 a6 5. 0-0 Bg4 6. e5 d5 7. Bb3 Ng8 8. h3 Bh5 9. g4 Bg6 10. e6 fxe6 11. Ng5 Qd6 12. Re1 e5 13. f4 h6 14. Nf3 e4 15. dxe4 Bxe4 16. Nc3 Nf6 17. Nxe4 dxe4 18. Ne5 e6 19. Qxd6 Bxd6 20. Ng6 Rh7 21. Bxe6 Nc6 22. c3 Ne7 23. Nxe7 Kxe7 24. Bf5 Rhh8 25. g5 Nd7 26. Bxe4 Raf8 27. Bxb7+ Kd8 28. Re6 Kc7 29. gxh6 gxh6 30. Bxa6 Nf6 31. Bc4 h5 32. Kf2 h4 33. Be3 Nh5 34. Rxd6 Kxd6 35. Kf3 Nf6 36. b4 cxb4 37. cxb4 Nd7 38. Rd1+ Kc7 39. Bb5 Rd8 40. Rc1+ Kd6 41. Rc6+ Kd5 42. Rg6 Nf8 43. Rg5+ Ke6 44. Ke4 Rd1 45. Bd4 Rh7 46. Re5+ Kf6 47. Rf5+ 1-0

[Event "Peregrina op 18th"]
[Site "Pontevedra"]
[Date "2002.08.20"]
[Round "8.10"]
[White "De la Cruz Sanchez, Carlos Gustavo"]
[Black "Martos Exposito, Manuel"]
[Result "1-0"]
[WhiteElo "2268"]
[BlackElo "2121"]
[PlyCount "157"]
[EventDate "2002.08.13"]
[EventType "swiss"]
[EventRounds "9"]
[EventCountry "ESP"]
[SourceTitle "EXT 2003"]
[Source "ChessBase"]
[SourceDate "2002.11.25"]
[SourceVersion "1"]
[SourceVersionDate "2002.11.25"]
[SourceQuality "1"]

1. e4 c5 2. Nf3 d6 3. c3 Nf6 4. Be2 g6 5. 0-0 Bg7 6. Re1 0-0 7. Bf1 Bg4 8. h3 Bxf3 9. Qxf3 Nc6 10. a4 Nd7 11. Qd1 a6 12. Na3 Rb8 13. Rb1 a5 14. Nb5 Nb6 15. d3 Qd7 16. Be3 Rbc8 17. Qb3 Na8 18. Red1 b6 19. d4 Qb7 20. Be2 Nc7 21. Bf3 Nxb5 22. Qxb5 Na7 23. Qb3 Qc7 24. Rbc1 Rb8 25. Qa3 e5 26. dxc5 dxc5 27. Be2 f5 28. Qb3+ Kh8 29. exf5 gxf5 30. Bg5 Bf6 31. Bxf6+ Rxf6 32. Qd5 Qg7 33. Qxe5 Nc6 34. Qf4 Re8 35. Bf3 Ne5 36. Rd5 Ng6 37. Qg5 h6 38. Qg3 Rg8 39. Rcd1 Qe7 40. Rd7 Qe5 41. Rd8 Rxd8 42. Rxd8+ Kg7 43. Qxe5 Nxe5 44. Be2 f4 45. Re8 Ng6 46. Rd8 Kf7 47. Bc4+ Ke7 48. Rd5 Nf8 49. h4 f3 50. g3 Nd7 51. Bb3 Nf8 52. Kh2 Ne6 53. Bc4 Nc7 54. Rd3 Rf5 55. Kh3 h5 56. Re3+ Kf6 57. g4 Rf4 58. g5+ Kg7 59. Ba2 Kf8 60. g6 c4 61. Kg3 Rg4+ 62. Kxf3 Nd5 63. Re4 Rxg6 64. Bxc4 Nf6 65. Re6 Kg7 66. Rxb6 Rg4 67. Rb7+ Kh8 68. Bb3 Rxh4 69. c4 Ng4 70. c5 Ne5+ 71. Ke3 Rh1 72. Bd5 Ng4+ 73. Ke2 Rh2 74. c6 Rxf2+ 75. Ke1 Rf5 76. c7 Re5+ 77. Kf1 Ne3+ 78. Kg1 Rg5+ 79. Kh1 1-0

[Event "Peregrina op 18th"]
[Site "Pontevedra"]
[Date "2002.08.14"]
[Round "2.6"]
[White "Dimitrov, Vladimir"]
[Black "Martos Exposito, Manuel"]
[Result "1-0"]
[WhiteElo "2451"]
[BlackElo "2121"]
[PlyCount "151"]
[EventDate "2002.08.13"]
[EventType "swiss"]
[EventRounds "9"]
[EventCountry "ESP"]
[SourceTitle "EXT 2003"]
[Source "ChessBase"]
[SourceDate "2002.11.25"]
[SourceVersion "1"]
[SourceVersionDate "2002.11.25"]
[SourceQuality "1"]

1. g3 g6 2. Bg2 Bg7 3. c4 e5 4. Nc3 f5 5. d3 Nf6 6. e3 d6 7. Nge2 0-0 8. 0-0 c6 9. f4 a5 10. Rb1 Na6 11. b3 Re8 12. Qd2 exf4 13. gxf4 Ng4 14. Nd1 d5 15. cxd5 Nb4 16. h3 Nf6 17. dxc6 bxc6 18. Nb2 Ba6 19. Rd1 Nfd5 20. Nc4 Nxe3 21. Nxe3 Bxd3 22. a3 Bxb1 23. Qxd8 Raxd8 24. Rxd8 Rxd8 25. axb4 axb4 26. Bxc6 Be4 27. Ba4 Bf8 28. Ng3 Bb7 29. Bb5 Bc5 30. Kf1 Ra8 31. Bc4+ Kf8 32. Ke2 h5 33. Bd2 Re8 34. Kf2 Kg7 35. Bc1 h4 36. Ne2 Bc6 37. Bb2+ Kf8 38. Bd4 Bd6 39. Nd5 Ra8 40. Nf6 Ra2 41. Ke3 Bg2 42. Nh7+ Ke7 43. Ng5 Ra5 44. Nf3 Bxf3 45. Kxf3 Ra2 46. Bf2 Kf8 47. Bxh4 Kg7 48. Nd4 Rh2 49. Ne6+ Kf7 50. Kg3 Rh1 51. Bd8 Rc1 52. Ng5+ Kg7 53. Bb6 Be7 54. Bd4+ Bf6 55. Ne6+ Kf7 56. Bxf6 Kxf6 57. Nc5 g5 58. Nd3 Rc3 59. fxg5+ Kxg5 60. h4+ Kf6 61. Kf4 Rc2 62. Nxb4 Rh2 63. Nd5+ Kg6 64. Ke5 Rxh4 65. Ne7+ Kg5 66. Nxf5 Rh1 67. Ng3 Re1+ 68. Ne4+ Kg6 69. b4 Rc1 70. Kd4 Kf5 71. Nc5 Rd1+ 72. Bd3+ Kf6 73. b5 Ke7 74. Kd5 Kd8 75. Kc6 Rc1 76. Bf5 1-0

[Event "Mancha Real schev"]
[Site "Mancha Real"]
[Date "2002.08.05"]
[Round "4"]
[White "Martos Exposito, Manuel"]
[Black "Garcia Martinez, Silvino"]
[Result "1/2-1/2"]
[WhiteElo "2121"]
[BlackElo "2396"]
[PlyCount "39"]
[EventDate "2002.08.02"]
[EventType "schev"]
[EventRounds "9"]
[EventCountry "ESP"]
[SourceTitle "CBM 089 Extra"]
[Source "ChessBase"]
[SourceDate "2002.09.10"]
[SourceVersion "2"]
[SourceVersionDate "2002.09.10"]
[SourceQuality "1"]

1. e4 c5 2. Nc3 d6 3. f4 a6 4. a4 Nc6 5. Nf3 e6 6. Bc4 Nf6 7. 0-0 d5 8. exd5 exd5 9. Re1+ Be7 10. Bf1 0-0 11. Ne5 Bd6 12. d3 Qc7 13. Nxc6 bxc6 14. Qf3 Rb8 15. h3 Rb4 16. Ne2 c4 17. c3 Rb8 18. dxc4 Re8 19. Be3 Rxb2 20. a5 1/2-1/2

[Event "Mancha Real schev"]
[Site "Mancha Real"]
[Date "2002.08.02"]
[Round "1"]
[White "Martos Exposito, Manuel"]
[Black "Saldano Dayer, Horacio"]
[Result "0-1"]
[WhiteElo "2121"]
[BlackElo "2414"]
[PlyCount "76"]
[EventDate "2002.08.02"]
[EventType "schev"]
[EventRounds "9"]
[EventCountry "ESP"]
[SourceTitle "CBM 089 Extra"]
[Source "ChessBase"]
[SourceDate "2002.09.10"]
[SourceVersion "2"]
[SourceVersionDate "2002.09.10"]
[SourceQuality "1"]

1. e4 d6 2. d4 Nf6 3. Nc3 g6 4. f3 c6 5. Be3 b5 6. Qd2 Nbd7 7. a4 b4 8. Nd1 a5 9. c3 bxc3 10. bxc3 Bg7 11. Bh6 0-0 12. Bd3 e5 13. Bxg7 Kxg7 14. Ne2 d5 15. 0-0 c5 16. exd5 cxd4 17. cxd4 exd4 18. Be4 Ba6 19. Nf2 Nc5 20. Rfb1 Bxe2 21. Qxe2 Nxd5 22. Qc4 Nxe4 23. Nxe4 Nb4 24. Rb3 Rc8 25. Qb5 d3 26. Rd1 Re8 27. h3 Qd4+ 28. Kh1 Re5 29. Rxb4 axb4 30. Qa6 Ree8 31. Rxd3 Rc1+ 32. Kh2 Qe5+ 33. Ng3 h5 34. f4 Qc5 35. h4 Qg1+ 36. Kh3 Re3 37. Rxe3 Qxe3 38. Qd6 Rh1# 0-1

[Event "Ferrol op 18th"]
[Site "Ferrol"]
[Date "2002.07.25"]
[Round "9"]
[White "Martos Exposito, Manuel"]
[Black "Pina Sierra, Julia"]
[Result "1/2-1/2"]
[WhiteElo "2121"]
[BlackElo "2050"]
[PlyCount "169"]
[EventDate "2002.07.17"]
[EventType "swiss"]
[EventRounds "9"]
[EventCountry "ESP"]
[SourceTitle "CBM 089 Extra"]
[Source "ChessBase"]
[SourceDate "2002.09.10"]
[SourceVersion "2"]
[SourceVersionDate "2002.09.10"]
[SourceQuality "1"]

1. e4 c5 2. Nc3 Nc6 3. f4 g6 4. Nf3 Bg7 5. Bc4 e6 6. 0-0 Nge7 7. d3 0-0 8. Qe1 Rb8 9. f5 d5 10. Bb3 exf5 11. exd5 Nd4 12. Bg5 Re8 13. Qh4 Nxb3 14. axb3 f6 15. Bxf6 Bxf6 16. Qxf6 Nxd5 17. Nxd5 Qxd5 18. Rfe1 Bd7 19. Qc3 Rxe1+ 20. Rxe1 Re8 21. Rxe8+ Bxe8 22. Qa5 Bc6 23. Qc7 Qd7 24. Qb8+ Qe8 25. Qe5 Qxe5 26. Nxe5 Bd5 27. Nd7 Kf7 28. Nxc5 Kf6 29. Kf2 f4 30. c4 Bc6 31. d4 b6 32. Nd3 g5 33. d5 Be8 34. h4 h6 35. hxg5+ hxg5 36. g3 Kf5 37. gxf4 gxf4 38. Nb4 Ke5 39. Na6 Bg6 40. Nb4 Be8 41. Nd3+ Ke4 42. Ne1 Bd7 43. Nf3 a5 44. Ng5+ Kd3 45. Ne6 Kc2 46. Kf3 Kxb2 47. c5 bxc5 48. Nxc5 Bb5 49. Kxf4 Kc3 50. Ke3 Kb4 51. Kd4 Be8 52. d6 Bc6 53. Nb7 Bd7 54. Kd5 Bh3 55. Nd8 Bd7 56. Ne6 a4 57. bxa4 Bxa4 58. Ke5 Bd7 59. Kf6 Kb5 60. Ke7 Bc8 61. Nf4 Kc6 62. Ne2 Kd5 63. Nc3+ Ke5 64. Na4 Bh3 65. Nb6 Kd4 66. Na8 Kc5 67. Nc7 Bc8 68. Ne8 Kc6 69. Nf6 Kc5 70. Nh5 Kd5 71. Nf4+ Kc5 72. Nd3+ Kc6 73. Ne5+ Kd5 74. Nd7 Kc6 75. Ne5+ Kd5 76. Nf7 Kc6 77. Kd8 Be6 78. Ke8 Bd7+ 79. Ke7 Bc8 80. Ne5+ Kd5 81. Nd3 Kc6 82. Nb4+ Kc5 83. Na6+ Kc6 84. Nb8+ Kb5 85. d7 1/2-1/2

[Event "Ferrol op 18th"]
[Site "Ferrol"]
[Date "2002.07.21"]
[Round "5"]
[White "Martos Exposito, Manuel"]
[Black "Martinez Lopez, Eduardo"]
[Result "1-0"]
[WhiteElo "2121"]
[BlackElo "2066"]
[PlyCount "113"]
[EventDate "2002.07.17"]
[EventType "swiss"]
[EventRounds "9"]
[EventCountry "ESP"]
[SourceTitle "CBM 089 Extra"]
[Source "ChessBase"]
[SourceDate "2002.09.10"]
[SourceVersion "2"]
[SourceVersionDate "2002.09.10"]
[SourceQuality "1"]

1. e4 c5 2. Nc3 d6 3. f4 Nc6 4. Nf3 g6 5. Bc4 Bg7 6. 0-0 e6 7. d3 Nge7 8. Qe1 0-0 9. f5 exf5 10. Qh4 h5 11. Bg5 Qd7 12. Bf6 a6 13. a4 Rb8 14. Qg5 Kh7 15. Bxg7 Kxg7 16. Nh4 f6 17. Qg3 fxe4 18. Nxe4 Ne5 19. h3 Qc6 20. Rae1 b5 21. axb5 axb5 22. Ba2 Ra8 23. Bb1 Ra1 24. c3 Rf7 25. Kh1 Qb6 26. Nd2 Ra7 27. Rf2 f5 28. Ref1 Kh7 29. Nhf3 Nxf3 30. Nxf3 Rg7 31. d4 c4 32. Re2 Qd8 33. Rfe1 Rc7 34. Ng5+ Kg8 35. Ne6 Bxe6 36. Rxe6 Rd7 37. Qg5 Qf8 38. Bc2 Qf7 39. b3 Kh7 40. g4 hxg4 41. hxg4 fxg4 42. Qxg4 Kh8 43. Kg2 Nf5 44. bxc4 bxc4 45. d5 Rh7 46. Re8+ Kg7 47. Bxf5 Qxf5 48. Qd4+ Kh6 49. R8e3 Qc2+ 50. R1e2 Qf5 51. Rf3 Qg5+ 52. Rg3 Qc1 53. Qh4+ Kg7 54. Re7+ Kf8 55. Qf6+ Kg8 56. Rxg6+ Rg7 57. Qxg7# 1-0

[Event "Cullera op 21st"]
[Site "Cullera"]
[Date "2001.07.23"]
[Round "5"]
[White "Camarena Gimenez, Rufino"]
[Black "Martos Exposito, Manuel"]
[Result "1-0"]
[WhiteElo "2328"]
[BlackElo "2016"]
[PlyCount "71"]
[EventDate "2001.07.19"]
[EventType "swiss"]
[EventRounds "9"]
[EventCountry "ESP"]
[SourceTitle "EXT 2002"]
[Source "ChessBase"]
[SourceDate "2001.11.25"]
[SourceVersion "1"]
[SourceVersionDate "2001.11.25"]
[SourceQuality "1"]

1. d4 Nf6 2. c4 c5 3. Nf3 cxd4 4. Nxd4 e5 5. Nf3 Bc5 6. Nc3 Nc6 7. e3 0-0 8. Be2 a6 9. a3 Qe7 10. b4 Ba7 11. Bb2 d6 12. 0-0 e4 13. Nd2 Bf5 14. Nd5 Nxd5 15. cxd5 Ne5 16. Rc1 Rac8 17. Re1 Rxc1 18. Qxc1 Rc8 19. Qb1 Ng6 20. Rc1 Re8 21. Rc4 b5 22. Rc6 Qg5 23. Nf1 h5 24. Rxa6 Nh4 25. Ng3 Bxe3 26. fxe3 Qxe3+ 27. Kh1 Qf2 28. Qf1 e3 29. Bd4 Bg4 30. Qxf2 exf2 31. Bf1 Ng6 32. Bxf2 h4 33. Bxb5 hxg3 34. hxg3 Rb8 35. Bf1 Bf5 36. Rxd6 1-0

[Event "Cullera op 21st"]
[Site "Cullera"]
[Date "2001.07.19"]
[Round "1"]
[White "Romero Holmes, Alfonso"]
[Black "Martos Exposito, Manuel"]
[Result "1-0"]
[WhiteElo "2455"]
[BlackElo "2016"]
[PlyCount "63"]
[EventDate "2001.07.19"]
[EventType "swiss"]
[EventRounds "9"]
[EventCountry "ESP"]
[SourceTitle "EXT 2002"]
[Source "ChessBase"]
[SourceDate "2001.11.25"]
[SourceVersion "1"]
[SourceVersionDate "2001.11.25"]
[SourceQuality "1"]

1. e4 e6 2. d4 b6 3. Bd3 Bb7 4. Qe2 g6 5. f4 Bg7 6. Nf3 d6 7. 0-0 Qe7 8. Be3 Nd7 9. c3 a6 10. Bf2 h6 11. Nbd2 g5 12. Qe3 Ngf6 13. fxg5 hxg5 14. Qe2 Nh5 15. g3 g4 16. Nh4 Bh6 17. Be3 Bg5 18. Ng2 Bxe3+ 19. Nxe3 Qg5 20. Rf2 Ke7 21. Ndf1 Ndf6 22. d5 Rag8 23. Re1 Nd7 24. Bxa6 Bxa6 25. Qxa6 Ne5 26. Nd2 Nf6 27. Qe2 Rg7 28. Nec4 Nfd7 29. Ref1 Rh3 30. Rg2 Rgh7 31. Rf4 Qh5 32. Rff2 1-0